000
00289nam a2200121Ia 4500
008
190216s9999||||xx |||||||||||||| ||und||
100
_a
Gupta R C
245
0
_a
Clerks Grade Exam
260
_b
Ramesh Publishing House
_c
1985
300
_a
254p
650
_a
Clerks Grade Exam
942
_c
REF
999
_c
35586
_d
35586